|
|
|
|
| LEADER |
00000cas a22000004a 4500 |
| 001 |
vtls001393767 |
| 003 |
SK-MaSNL |
| 005 |
20260221113528.0 |
| 008 |
180810d18651866au mr p 0 0b0ger c |
| 035 |
|
|
|a SNK000348081
|
| 040 |
|
|
|a SNK
|b slo
|c SNK
|e AACR2
|
| 041 |
0 |
|
|a ger
|
| 044 |
|
|
|a au
|c AT
|
| 245 |
0 |
0 |
|a Slavische Blätter
|b zeitschrift für die Gesammt-Interessen des Slaventhums
|
| 260 |
|
|
|a Wien
|b Abel Lukšić
|c 1865-1866
|
| 310 |
|
|
|a 1x mesačne
|
| 362 |
0 |
|
|a Jg. 1 (1865)-Jg. 2 (1866)
|
| 910 |
|
|
|a snk
|
| 958 |
|
|
|a ONDV
|
| 999 |
|
|
|c 2402
|d 4332
|
| 952 |
|
|
|0 0
|1 1
|4 0
|7 0
|a SNK
|b SNK
|d 2000-08-02
|l 0
|o snkČB 216/1/1865
|p 17A0248129
|r 2005-01-02 00:00:00
|w 2026-02-21
|y PREZ
|